| 000 | 01227cam a22002773a 4500 | ||
|---|---|---|---|
| 001 | 5726 | ||
| 003 | PGUSA | ||
| 005 | 20140828083123.0 | ||
| 008 | 040501s2004||||xxu|||||s|||||000 | eng d | ||
| 040 |
_aPGUSA _beng |
||
| 042 | _adc | ||
| 050 | 4 | _aQ | |
| 100 | 1 |
_aBuckley, Arabella B. _q(Arabella Burton), _d1840-1929 |
|
| 245 | 1 | 4 |
_aThe Fairy-Land of Science _h[electronic resource] / _cArabella B. Buckley |
| 260 |
_bProject Gutenberg, _c2004 |
||
| 505 | 0 | _aThe fairy-land of science: how to enter it; how to use it; and how to enjoy it -- Sunbeams, and the work they do -- The aerial ocean in which we live -- A drop of water on its travels -- The two great sculptors: water and ice -- The voices of nature, and how we hear them -- The life of a primrose -- The history of a piece of coal -- Bees in the hive -- Bees and flowers. | |
| 506 | _aPublic domain in the USA. | ||
| 516 | _aElectronic text | ||
| 653 | _aPhysical sciences -- Juvenile literature | ||
| 653 | _aScience -- History -- Juvenile literature | ||
| 653 | _aScience -- Juvenile literature | ||
| 653 | _aNatural history -- Juvenile literature | ||
| 830 | 0 |
_aProject Gutenberg _v5726 |
|
| 856 | 4 | 0 | _uhttp://www.gutenberg.org/ebooks/5726 |
| 942 | _cEB | ||
| 999 |
_c235054 _d235054 |
||